|
|
|
|
| LEADER |
00000nas a2200000 a 4500 |
| 001 |
ssj0000940636 |
| 003 |
WaSeSS |
| 005 |
20200512172242.0 |
| 006 |
m d |
| 007 |
cr n |
| 008 |
930121d19932014nyuqr p s 0 a0eng c |
| 010 |
|
|
|a 93659140
|z sn 93004748
|
| 015 |
|
|
|a 017578809
|2 dnb
|
| 016 |
7 |
|
|a 1232018-3
|2 DE-600
|
| 022 |
|
|
|l 1067-5817
|y 1067-5817
|
| 035 |
|
|
|a (WaSeSS)ssj0000940636
|
| 040 |
|
|
|a NSD
|b eng
|c NSD
|d DLC
|d OCLCQ
|d LVB
|d OCLCQ
|d HEBIS
|d GBVCP
|d OCLCF
|d OCLCO
|d CUV
|d CUS
|d WaSeSS
|
| 042 |
|
|
|a nsdp
|a pcc
|
| 050 |
0 |
0 |
|a QA276.A1
|b J56
|
| 082 |
0 |
0 |
|a 519.5/05
|2 20
|
| 210 |
0 |
|
|a J. appl. statist. sc.
|
| 222 |
|
0 |
|a Journal of applied statistical science
|
| 245 |
0 |
0 |
|a Journal of applied statistical science
|h [electronic resource].
|
| 246 |
1 |
3 |
|a JASS
|
| 260 |
|
|
|a Commack, N.Y. :
|b Nova Science Publishers,
|c 1993-
|
| 260 |
3 |
|
|3 <2013- > :
|a Hauppauge, New York :
|b Nova Science Publishers
|
| 310 |
|
|
|a Quarterly
|
| 362 |
0 |
|
|a Vol. 1, no. 1-
|
| 362 |
1 |
|
|a Ceased with vol. 22, issue 3-4 (2014).
|
| 500 |
|
|
|a Title from cover.
|
| 506 |
|
|
|a License restrictions may limit access.
|
| 588 |
|
|
|a Latest issue consulted: Volume 21, Issue 4 (2013).
|
| 650 |
|
0 |
|a Statistics
|v Periodicals.
|
| 650 |
|
0 |
|a Mathematical statistics
|v Periodicals.
|
| 650 |
|
6 |
|a Statistique
|v Périodiques.
|
| 650 |
|
7 |
|a Mathematical statistics.
|2 fast
|0 (OCoLC)fst01012127
|
| 650 |
|
7 |
|a Statistics.
|2 fast
|0 (OCoLC)fst01132103
|
| 655 |
|
0 |
|a Electronic journals.
|
| 850 |
|
|
|a DLC
|
| 856 |
4 |
0 |
|z Full text available from Research Library: 01/01/2011 to 07/31/2014
|u https://search.proquest.com/publication/2034851
|